| Tag |
First Indicator |
Second Indicator |
Subfields |
| LEADER |
00000cam a2200000 i 4500 |
| 001 |
in00000623721 |
| 005 |
20151014172141.0 |
| 008 |
780802s1937 nyua b 00110 eng d |
| 035 |
|
|
|a (OCoLC)04102411
|
| 035 |
|
|
|9 ACS7720AM
|
| 040 |
|
|
|a DLC
|c TXA
|d UtOrBLW
|
| 049 |
|
|
|a TXAM
|c [94505]
|
| 090 |
|
|
|a TL570
|b .P48 1937a
|
| 100 |
1 |
|
|a Piercy, Norman Augustus Victor,
|d 1891-
|
| 245 |
1 |
0 |
|a Aerodynamics /
|c by N. A. V. Piercy.
|
| 264 |
|
1 |
|a New York :
|b D. Van Nostrand,
|c 1937.
|
| 300 |
|
|
|a xvi, 423 pages :
|b illustrations, diagrams ;
|c 24 cm.
|
| 336 |
|
|
|a text
|b txt
|2 rdacontent
|
| 337 |
|
|
|a unmediated
|b n
|2 rdamedia
|
| 338 |
|
|
|a volume
|b nc
|2 rdacarrier
|
| 504 |
|
|
|a Includes bibliographical references and index.
|
| 650 |
|
0 |
|a Aerodynamics.
|
| 650 |
|
0 |
|a Aeronautics.
|
| 999 |
|
|
|a MARS
|
| 999 |
f |
f |
|s 9723d699-7e32-3873-a086-f04eccaac9c6
|i 01b969bd-d80c-3213-b79d-90423be59d71
|t 0
|
| 952 |
f |
f |
|p ric
|a Texas A&M University
|b Rellis Campus
|c Joint Library Facility
|d Remote Storage
|t 0
|e TL570 .P48 1937a
|h Library of Congress classification
|i unmediated -- volume
|m A14805542800
|
| 998 |
f |
f |
|a TL570 .P48 1937a
|t 0
|l Remote Storage
|